Shortest song from each of Taylor Swift's albums - Statistics

General Stats
  • This quiz has been taken 8 times
  • The average score is 10 of 16
Answer Stats
Album Length % Correct
The Tortured Poets Department 2:12 I Look In People's Windows
100%
Lover 2:30 It's Nice To Have A Friend
100%
The Life Of a Showgirl 2:30 Wood
100%
1989 (Taylor's Version) 2:26 Now That We Don't Talk (Taylor's Version) (From The Vault)
80%
Speak Now 3:37 Better Than Revenge
60%
Midnights 2:29 Glitch
60%
Taylor Swift 2:53 Picture To Burn
60%
Red 3:13 We Are Never Ever Getting Back Together
60%
Red (Taylor's Version) 3:13 We Are Never Ever Getting Back Together (Taylor's Version)
60%
1989 3:13 All You Had To Do Was Stay
40%
Speak Now (Taylor's Version) 3:40 Better Than Revenge (Taylor's Version)
40%
evermore 3:01 closure
40%
folklore 3:11 illicit affairs
40%
Fearless 3:20 Tell Me Why
40%
Fearless (Taylor's Version) 3:09 That's When (Taylor's Version) (From The Vault)
40%
reputation 3:27 This Is Why We Can't Have Nice Things
40%
No matching quizzes found
Score Distribution
Percent of People with Each Score
Percentile by Number Answered
Your Score History
You have not taken this quiz